| 000 | 00375 a2200145 4500 | ||
|---|---|---|---|
| 999 |
_c5000 _d5000 |
||
| 020 | _a9780435225780 | ||
| 050 | 0 | 0 | _aPN 2093 MIL 1947 |
| 100 |
_aMiller, Arthur _eauthor |
||
| 245 | 0 | 0 |
_aAll my sons / _cArthur Miller |
| 264 |
_aLondon: _bHeinemann Educational, _c1947 |
||
| 300 | _a80p.: | ||
| 500 | _aNo index | ||
| 650 | _aThe hereford plays | ||
| 942 |
_2lcc _cBK _h2093 _iMIL _kPN |
||